000 00350nam a2200145Ia 4500
008 230917s9999||||xx |||||||||||||| ||und||
040 _e240733
_aMAIN
041 _aEnglish
082 _a361.430954 P891R
100 _aPraveen Kumar
245 0 _aRole of SHGs in women empowerment in Haryana
260 _c2016
300 _a170 p.
942 _cTH
999 _c127100
_d127100